00843nam a22002417a 450000500170000001000110001702000100002803500110003803700160004904000120006508200210007710000250009824500630012326000450018627000420023130000260027350000510029965000350035065000340038594200300041999900190044995201330046820170124105924.0 a228791 c20.00 a228791 bCen Lib/Ret aDPLbEN a025.1710954bGHO aGhose, Sailen975008 aArchives in India :cby Sailen Ghosebhistory and assets / aCalcuttabFirma K. L. Mukhopadhyayc1963 a6/1A, Banchharam Akrur LanebCalcutta axii,358p. :c20cm(Hb) aIncludes bibliographical references and index aArchival historyzIndia975009 aArchival assetszIndia975010 2ddccENh025.1710954mGHO c123398d123398 001040718REFaLbLd2015-06-05eCen Lib/Retg20.00l0o025.1710954 GHOp228791r2015-06-05 00:00:00t1v20.00w2015-06-05yEN